| 000 | 00000nas 2200000zi 4500 |
| 001 | 9.879708 |
| 003 | CaOODSP |
| 005 | 20221107165604 |
| 006 | m o d f |
| 007 | cr ||||||||||| |
| 008 | 190925c20119999pic x m o f0###a0eng|d |
| 040 | |aCaOODSP|beng|erda|cCaOODSP |
| 043 | |an-cn--- |
| 086 | 1 |aV3-3E-PDF |
| 130 | 0 |aData report (Canada. Veterans Affairs Canada. Research Directorate) |
| 245 | 10|aResearch Directorate data report. |
| 264 | 1|a[Charlottetown, PEI] : |bVeterans Affairs Canada = Anciens combattants Canada, |c[2011]- |
| 310 | |aIrregular |
| 336 | |atext|btxt|2rdacontent |
| 337 | |acomputer|bc|2rdamedia |
| 338 | |aonline resource|bcr|2rdacarrier |
| 362 | 1 |aBegan in 2011? |
| 500 | |aIssued aslo in French under title : Rapport sur les données de la Direction de la recherche. |
| 546 | |aMany reports in English only. |
| 692 | 07|2gccst|aVeterans |
| 692 | 07|2gccst|aResearch |
| 710 | 1 |aCanada. |bVeterans Affairs Canada. |bResearch Directorate. |
| 775 | 08|tRapport sur les données de la Direction de la recherche.|w(CaOODSP)9.879707 |